<?xml version="1.0" encoding="UTF-8"?>
<collection xmlns="http://www.loc.gov/MARC21/slim">
 <record>
  <leader>00473nab a2200145 i 4500</leader>
  <controlfield tag="001">delm77310</controlfield>
  <controlfield tag="005">20180928084311.0</controlfield>
  <controlfield tag="008">180928s1969    hu      o     0||   hun d</controlfield>
  <datafield tag="040" ind1=" " ind2=" ">
   <subfield code="a">SZTE Délmagyarország Archívum</subfield>
   <subfield code="b">hun</subfield>
  </datafield>
  <datafield tag="041" ind1=" " ind2=" ">
   <subfield code="a">hun</subfield>
  </datafield>
  <datafield tag="245" ind1="0" ind2="0">
   <subfield code="a">Nagy Lajos király </subfield>
   <subfield code="h">[elektronikus dokumentum] :</subfield>
   <subfield code="b">1342-1382</subfield>
  </datafield>
  <datafield tag="260" ind1=" " ind2=" ">
   <subfield code="c">1969-10-17</subfield>
  </datafield>
  <datafield tag="300" ind1=" " ind2=" ">
   <subfield code="a">5</subfield>
  </datafield>
  <datafield tag="490" ind1="0" ind2=" ">
   <subfield code="a">Délmagyarország</subfield>
   <subfield code="v">59 No. 241</subfield>
  </datafield>
  <datafield tag="695" ind1=" " ind2=" ">
   <subfield code="a">Lajos Magyarország : király Nagy, Szobrászat Szeged 1969, szobrászat-emléktábla</subfield>
  </datafield>
 </record>
</collection>
